000 00671nam a22002177i 4500
003 URS
005 20220114153142.0
008 170607b xxu||||| |||| 00| 0 eng d
040 _erda
_cURSP-College Library
_beng
050 _b499.211 C765 1985
100 1 _aConstantino, Pamela C.
245 _aWika, Linggwistika at Bilinggwalismo sa PIlipinas
_cPamela C. Constantino
264 1 _aManila
_bRex Book Store
_c1985.
300 _aviii, 264-265p .
_c22cm.
336 _atext
_btxt
_2rdacontent
337 _aunmediated
_bn
_2rdamedia
338 _avolume
_bnc
_2rdacarrier
500 _aIncludes
650 0 _awika-linggwistika-bilinggwalismo-pilipinas.
942 _2lcc
_cF
999 _c8196
_d8196